Thermophysical properties of refrigerants /

Guardado en:
Autor Corporativo: American Society of Heating, Refrigerating and Air-Conditioning Engineers.
Formato: Libro
Idioma:English
Publicado: New York : American Society of Heating, Refrigerating and Air-Conditioning Engineers, 1976.
Edición:2nd ed.
Materias:
Etiquetas: Agregar Etiqueta
Sin Etiquetas, Sea el primero en etiquetar este registro!
LEADER 00767cam a22002055a 4500
001 EIQ.libpla001681
008 770511s1976####nyu######b####000#0#eng#d
005 20070206143613.0
245 1 0 |a Thermophysical properties of refrigerants /  |c ASHRAE. 
250 |a 2nd ed. 
260 |a New York :  |b American Society of Heating, Refrigerating and Air-Conditioning Engineers,  |c 1976. 
300 |a x, 237 p. ;  |c 28 cm. 
504 |a Bibliografía: p. 207-237. 
082 0 0 |a 621.5/64 
650 4 |a Refrigerantes  |x Propiedades térmicas. 
650 0 |a Refrigerants  |x Thermal properties. 
010 |a  77360315  
040 |a DLC  |c DLC  |d AR-BbSID 
110 2 |a American Society of Heating, Refrigerating and Air-Conditioning Engineers. 
859 |a AR-BbSID  |b BIB. PLAPIQUI  |h 541.36  |i Am 31  |k R  |p 3198